Statistics for Most Visited Tourist Destinations in the World

Click here to take the quiz!

General Stats

  • This quiz has been taken 105 times
  • The average score is 6 of 50

Answer Stats

CountryDestination% Correct
France (7.0 M)Eiffel Tower
95%
France (9.2 M)Louvre Museum
49%
China (9.0 M)Great Wall of China
44%
China (6.7 M)Disney Land, Hong Kong
41%
France (11.2 M)Disneyland Park, Paris
41%
Japan (14.8 M)Disneyland Park, Tokyo
41%
Australia (8.2 M)Sydney Opera House
31%
USA (13.0 M)Golden Gate Park
27%
USA (39.2 M)Times Square
27%
France (13.6 M)Notre Dame Cathedral
23%
China (15.3 M)Forbidden City
21%
France (5.9 M)Palace of Versailles
18%
USA (37.5 M)Central Park
14%
USA (5.9 M)Universal Studios, Hollywood
14%
USA (39.6 M)Las Vegas Strip
11%
USA (22.5 M)Niagara Falls
10%
USA (9.0 M)South Street Seaport
10%
USA (11.0 M)Disney's Epcot
9%
USA (6.1 M)Lincoln Memorial
9%
USA (9.9 M)Disney's Animal Kingdom
8%
USA (17.5 M)Disney's Magic Kingdom
8%
USA (7.0 M)Smithsonian Museum of Air and Space
8%
USA (8.0 M)Smithsonian Museum of Natural History
8%
UK (6.7 M)British Museum
7%
USA (6.1 M)Metropolitan Museum of Art
7%
USA (21.6 M)Grand Central Terminal
5%
France (10.5 M)Sacre Coeur Basilica
4%
Turkey (15.0 M)Grand Bazaar
3%
Japan (12.6 M)Tokyo Disney Sea
3%
China (7.0 M)Victoria Peak
3%
USA (9.9 M)Disney's Hollywood Studios
2%
South Korea (6.3 M)Lotte World, Seoul
2%
USA (8.5 M)Pier 39
2%
USA (32.8 M)Union Station
2%
USA (6.1 M)Universal Studios, Florida
2%
Japan (9.7 M)Universal Studios, Osaka
2%
USA (6.0 M)Bourbon Street
1%
USA (18.0 M)Faneuil Hall Marketplace
1%
USA (7.9 M)Islands of Adventure
1%
China (7.4 M)Ocean Park, Hong Kong
1%
USA (15.9 M)Disneyland Park, Anaheim
0%
USA (7.7 M)Disney's Californian Adventure
0%
South Korea (6.8 M)Everland Amusement Park
0%
USA (9.6 M)Great Smokey Mts. National Park
0%
USA (6.2 M)Lake Mead
0%
Japan (5.8 M)Nagashima Spa Land
0%
USA (9.2 M)Navy Pier
0%
USA (10.0 M)Pike Place Market
0%
Mexico (10.0 M)The Zocalo
0%
China (10.0 M)Tsim Sha Tsui Waterfront
0%

Score Distribution

Percentile by Number Answered

Percent of People with Each Score

Your Score History

You have not taken this quiz